Loading...
| Science - Chemistry | 0 | 6 | 0 | 1 | 60 | 82 | 99.33 | 1 | 3 | 0.00 | 0.00 |
| History - World | 0 | 6 | 0 | 2 | 60 | 88 | 114.33 | 1 | 1 | 0.00 | 0.00 |
| Science - Physics | 0 | 5 | 0 | 0 | 50 | 96 | 115.80 | 0 | 1 | 0.00 | 0.00 |
| Literature - World | 0 | 3 | 0 | 0 | 30 | 117 | 123.00 | 0 | 1 | 0.00 | 0.00 |
| Science - Other | 0 | 3 | 0 | 0 | 30 | 92 | 100.33 | 0 | 0 | 0.00 | 0.00 |
| History - Other | 0 | 2 | 0 | 1 | 20 | 120 | 123.50 | 0 | 1 | 0.00 | 0.00 |
| Fine Arts - Painting and Sculpture | 0 | 2 | 0 | 0 | 20 | 83 | 107.50 | 0 | 1 | 0.00 | 0.00 |
| History - American | 0 | 3 | 2 | 0 | 20 | 83 | 100.67 | 1 | 2 | 0.00 | 0.00 |
| Science - Biology | 0 | 2 | 1 | 1 | 15 | 113 | 122.00 | 0 | 0 | 0.00 | 0.00 |
| Literature - European | 0 | 1 | 0 | 0 | 10 | 139 | 139.00 | 0 | 0 | 0.00 | 0.00 |
| History - European | 0 | 1 | 0 | 0 | 10 | 151 | 151.00 | 0 | 0 | 0.00 | 0.00 |
| Fine Arts - Other | 0 | 1 | 0 | 0 | 10 | 128 | 128.00 | 0 | 0 | 0.00 | 0.00 |
| Fine Arts - Classical Music | 0 | 1 | 0 | 0 | 10 | 131 | 131.00 | 0 | 0 | 0.00 | 0.00 |
| Religion | 0 | 1 | 0 | 0 | 10 | 116 | 116.00 | 0 | 0 | 0.00 | 0.00 |
| Social Science | 0 | 1 | 1 | 1 | 5 | 136 | 136.00 | 0 | 0 | 0.00 | 0.00 |
| Mythology | 0 | 1 | 1 | 0 | 5 | 125 | 125.00 | 0 | 0 | 0.00 | 0.00 |
| Philosophy | 0 | 0 | 1 | 0 | -5 | 0.00 | 0 | 0 | 0.00 | 0.00 | |
| Current Events | 0 | 0 | 1 | 0 | -5 | 0.00 | 0 | 0 | 0.00 | 0.00 |